000 00765cam a2200205Ia 4500
020 _a9789251062135 (pbk)
020 _a9251062137 (pbk)
040 _cAU@
082 0 4 _a615 FOO 2009 A090 Or.
110 2 _aJoint FAO/WHO Expert Committee on Food Additives.
245 1 0 _aResidue evaluation of certain veterinary drugs :
_bJoint FAO/WHO Expert Committee on Food Additives, 70th meeting 2008
260 _aRome :
_bFood and Agriculture Organization of the United Nations,
_c2009
300 _axiv, 294 p. :
_bill. ;
_c30 cm
490 1 _aFAO JECFA monographs,
500 _a"TC/M/I0659E/1/02.09/1400" - on back cover
650 0 _aVeterinary drug residues
650 0 _aFood
710 2 _aFood and Agriculture Organization of the United Nations
942 _cEK
999 _c15944
_d15944